Southville International School and Colleges
Your cart is empty.
  • Cart
  • Lists
    Public lists Eva Luna New books Lux_list list_1
    Your lists Log in to create your own lists
  • Log in to your account
  • Your cookies
  • Search history
Southville International School and Colleges
  • Advanced search
  • Recent comments
  • Most popular
  • Libraries

Log in to your account

Log in with GOOGLE


If you do not have an external account, but do have a local account, you can still log in:

  1. Home
  2. MARC view: Algebra :
Normal view MARC view ISBD view

Algebra : (Record no. 10466)

[ view plain ]
MARC details
000 -LEADER
fixed length control field 00499nam a22001817a 4500
003 - CONTROL NUMBER IDENTIFIER
control field SISC
005 - DATE AND TIME OF LATEST TRANSACTION
control field 20160224135714.0
008 - FIXED-LENGTH DATA ELEMENTS--GENERAL INFORMATION
fixed length control field 130906t xxu||||| |||| 00| 0 eng d
020 ## - INTERNATIONAL STANDARD BOOK NUMBER
International Standard Book Number 9812448632
050 ## - LIBRARY OF CONGRESS CALL NUMBER
Classification number QA 184
Item number .B445 2005
082 ## - DEWEY DECIMAL CLASSIFICATION NUMBER
Classification number HS 512
Item number B41 2005
100 ## - MAIN ENTRY--PERSONAL NAME
Personal name Bellman, Allan
9 (RLIN) 16769
245 ## - TITLE STATEMENT
Title Algebra :
Remainder of title tools for a changing world /
Statement of responsibility, etc Allan Bellman
260 ## - PUBLICATION, DISTRIBUTION, ETC. (IMPRINT)
Place of publication, distribution, etc Metro Manila :
Name of publisher, distributor, etc Pearson,
Date of publication, distribution, etc c2005.
300 ## - PHYSICAL DESCRIPTION
Extent 546 p. :
Other physical details ill. ;
Dimensions 26 cm.
942 ## - ADDED ENTRY ELEMENTS (KOHA)
Source of classification or shelving scheme Library of Congress Classification
Koha item type Books
Holdings
Withdrawn status Lost status Source of classification or shelving scheme Damaged status Home library Current library Shelving location Date acquired Total Checkouts Full call number Barcode Date last seen Date checked out Copy number Price effective from Koha item type
    Library of Congress Classification   Luxembourg Library Luxembourg Library High School Section 09/06/2013 1 QA 184 .B445 2005 5338 11/23/2017 11/09/2017 1 09/06/2013 Books

Algebra :

APA

Bellman A., . (2005). Algebra. Metro Manila: Pearson.

Chicago

Bellman Allan, . 2005. Algebra. Metro Manila: Pearson.

Harvard

Bellman A., . (2005). Algebra. Metro Manila: Pearson.

MLA

Bellman Allan, . Algebra. Metro Manila: Pearson. 2005.

  • Place hold
  • Print
  • Cite
  • Add to your cart (remove)
  • Save record
    BIBTEX Dublin Core MARCXML MARC (non-Unicode/MARC-8) MARC (Unicode/UTF-8) MARC (Unicode/UTF-8, Standard) MODS (XML) RIS
  • More searches
    Search for this title in:
    Other Libraries (WorldCat) Other Databases (Google Scholar) Online Stores (Bookfinder.com) Open Library (openlibrary.org)

Exporting to Dublin Core...

SOUTHVILLE LIBRARY

Southville International School and Colleges Library

1281 Tropical Ave. Cor. Luxembourg St., BF Homes International, Las Pinas City

Tel. No. 8256374 / 252358 Loc. 117/146

Powered by Koha